Current procedural terminology 2023 / (Record no. 2604)
[ view plain ]
| 000 -LEADER | |
|---|---|
| fixed length control field | 00684nam a22001937a 4500 |
| 003 - CONTROL NUMBER IDENTIFIER | |
| control field | GSU |
| 005 - DATE AND TIME OF LATEST TRANSACTION | |
| control field | 20251212102901.0 |
| 008 - FIXED-LENGTH DATA ELEMENTS--GENERAL INFORMATION | |
| fixed length control field | 251212b |||||||| |||| 00| 0 eng d |
| 040 ## - CATALOGING SOURCE | |
| Language of cataloging | eng |
| Transcribing agency | GSU |
| Modifying agency | GSU |
| Description conventions | rda |
| 050 ## - LIBRARY OF CONGRESS CALL NUMBER | |
| Classification number | R708 |
| Item number | CUR |
| 245 ## - TITLE STATEMENT | |
| Title | Current procedural terminology 2023 / |
| Statement of responsibility, etc. | Mark S. Synovec, Christopher L.Jagmin, Zach Hochstetler, Linda M. Barney, Aaron D. Bossler |
| 264 #4 - PRODUCTION, PUBLICATION, DISTRIBUTION, MANUFACTURE, AND COPYRIGHT NOTICE | |
| Place of production, publication, distribution, manufacture | USA : |
| Name of producer, publisher, distributor, manufacturer | American Medical Association, |
| Date of production, publication, distribution, manufacture, or copyright notice | 2023. |
| 300 ## - PHYSICAL DESCRIPTION | |
| Extent | xxviii, 1284 pages : |
| Other physical details | colour illustrations ; |
| Dimensions | 28 cm |
| 336 ## - CONTENT TYPE | |
| Content type term | text |
| Content type code | txt |
| Source | rdacontent |
| 337 ## - MEDIA TYPE | |
| Media type term | unmediated |
| Media type code | n |
| Source | rdamedia |
| 338 ## - CARRIER TYPE | |
| Carrier type term | volume |
| Carrier type code | nc |
| Source | rdacarrier |
| 504 ## - BIBLIOGRAPHY, ETC. NOTE | |
| Bibliography, etc. note | Includes index. |
| 942 ## - ADDED ENTRY ELEMENTS (KOHA) | |
| Source of classification or shelving scheme | Library of Congress Classification |
| Koha item type | Books |
| Classification part | R708 |
| Call number prefix | R |
| Call number suffix | CUR |
| Suppress in OPAC | No |
| Withdrawn status | Lost status | Source of classification or shelving scheme | Damaged status | Not for loan | Collection code | Home library | Current library | Shelving location | Date acquired | Source of acquisition | Inventory number | Total Checkouts | Full call number | Barcode | Date last seen | Copy number | Price effective from | Koha item type |
|---|---|---|---|---|---|---|---|---|---|---|---|---|---|---|---|---|---|---|
| Library of Congress Classification | General Collection | GSU Library Epoch | GSU Library Epoch | General Stacks | 12/10/2025 | B A I | 05455 | R708 CUR | 50000006673 | 12/12/2025 | 1 | 12/10/2025 | Books |
